Countries closest to New York City,USA - Statistics

General Stats
  • This quiz has been taken 24 times
    12 since last reset
  • The average score is 18 of 20
Answer Stats
Continent Country Distance
(MI/KM)
% Correct
North America Bahamas 1,096 MI1,765 KM
100%
North America Canada 336 MI541 KM
100%
North America Cuba 1,305 MI2,100 KM
100%
North America Dominican Republic 1,549 MI2,492 KM
100%
North America Haiti 1,531 MI2,465 KM
100%
North America Jamaica 1,573 MI2,531 KM
100%
North America Mexico 2,084 MI3,354 KM
100%
North America Antigua and Barbuda 1,779 MI2,863 KM
91%
North America Belize 1,840 MI2,962 KM
91%
North America Guatemala 2,052 MI3,303 KM
91%
North America Saint Kitts and Nevis 1,747 MI2,811 KM
91%
North America Saint Lucia 1,999 MI3,217 KM
91%
North America Barbados 2,092 MI3,366 KM
82%
North America Dominica 1,905 MI3,066 KM
82%
North America El Salvador 2,074 MI3,338 KM
82%
North America Grenada 2,109 MI3,394 KM
82%
North America Honduras 2,000 MI3,220 KM
82%
North America Nicaragua 2,105 MI3,388 KM
82%
North America Saint Vincent and The Grenadines 2,048 MI3,296 KM
82%
South America Trinidad and Tobago 2,205 MI3,549 KM
73%
No matching quizzes found
Score Distribution
Percent of People with Each Score
Percentile by Number Answered
Your Score History
You have not taken this quiz since the last reset